000 00430nam a2200157Ia 4500
008 240729s9999 xx 000 0 und d
022 _a0974-5157
245 0 _aJournal of Cutaneous and Aesthetic Surgery
260 _aIndia
260 _bWolters Kluwer Medknow Publications
650 _a Surgery
650 _aMedicine
856 _uhttps://doaj.org/toc/5c4fac95e5e147c0ad4470e347ee0043
942 _2ddc
942 _cDOAJEJ
999 _c71635
_d71635
945 _a1
_bMadushi Gamage
_c1
_dMadushi Gamage